Statistics for Top 25 Most Sold Music Artists

Click here to take the quiz!

General Stats

  • This quiz has been taken 200 times
    (165 since last reset)
  • The average score is 10 of 25

Answer Stats

HintAnswer% Correct
Rock/Pop1960–1970The Beatles
93%
Pop/Rock/Dance/R&B1964–2009Michael Jackson
80%
Rock/Blues rock1962–PresentThe Rolling Stones
74%
Pop/Rock/ Dance1979–PresentMadonna
69%
Rock and Roll/Pop/Country1954–1977Elvis Presley
67%
Hard rock/Heavy metal1968–1980Led Zeppelin
58%
Hard rock/Heavy metal1973–PresentAC/DC
51%
Rock1971–PresentQueen
50%
Progressive rock1965–1996Pink Floyd
48%
Pop/Rock1964–PresentElton John
44%
Rock1976–PresentU2
39%
R&B/Pop1977–2012Whitney Houston
36%
Pop/Disco1972–1982ABBA
35%
Soft rock/Country rock1971–PresentEagles
34%
Hard rock1970–PresentAerosmith
32%
Country1989–PresentGarth Brooks
32%
R&B/Pop/Dance/Hip-hop2005–PresentRihanna
28%
R&B/Pop/Rock1988–PresentMariah Carey
26%
Pop/Swing1935–1995Frank Sinatra
24%
Pop1981–PresentCeline Dion
23%
Progressive rock/Pop rock1967–2011Genesis
17%
Pop/Rock1964–PresentBilly Joel
15%
Adult contemporary1980–2011Phil Collins
15%
Pop/Adult contemporary1960–PresentBarbra Streisand
9%
Pop/Disco/R&B1968–2012Donna Summer
9%

Score Distribution

Percentile by Number Answered

Percent of People with Each Score

Your Score History

You have not taken this quiz since the last reset